Normal view
MARC view
- Tarzia Olimpia
Entry Personal Name
001 - CONTROL NUMBER
- control field: 24110
003 - CONTROL NUMBER IDENTIFIER
- control field: IT-RoPau
005 - DATE AND TIME OF LATEST TRANSACTION
- control field: 20140506095839.0
008 - FIXED-LENGTH DATA ELEMENTS
- fixed length control field: 140506|| aca||aabn | a|a d
040 ## - CATALOGING SOURCE
- Original cataloging agency: IT-RoPau
- Transcribing agency: IT-RoPau
100 ## - HEADING--PERSONAL NAME
- Personal name: Tarzia Olimpia
- Dates associated with a name: Codice autore testo/musica SPICS: 23949
- Relator term: Autore testo/musica
- Name of part/section of a work: Da stasera ci sono anch'io
670 ## - SOURCE DATA FOUND
- Source citation: Work cat.: (IT-RoPau)99476: AA.VV. 794, Mio Dio canta giovane (Il)